000 00293nam a22001337a 4500
008 210304b ||||| |||| 00| 0 eng d
020 _a`9780534190743
041 _aeng
080 _a070
100 _a39
101 _aMED
245 _aWriting and Reporting News
_cRich,C
942 _2udc
_cBK
999 _c55739
_d55739